000 00708nam a2200193 i 4500
001 77103
003 ES-MaACL
005 20251115063242.0
007 t|
008 041006s1958 sp af |||| | spa d
080 _a791.862
100 1 _aGutiérrez Ballesteros, José María,
_cConde de Colombí
_961094
245 1 3 _aEl caballo en la fiesta de toros :
_b(con una relación cronológica de obras para una bibliografía) /
_cJosé María Gutiérrez Ballesteros, conde de Colombí.
260 _aMadrid :
_b[s.n.],
_c1958 (
_fGráf. Versal)
300 _a55 p., [4] p. de lám. :
_bil. ;
_c22 cm.
650 4 _aCorridas de toros.
_911370
852 4 _aES-MaACL
_jC-16453
999 _c77103
_d77103